An Introduction to Electrical Drawing (Record no. 183100)

000 -LEADER
fixed length control field 00550 a2200181 4500
003 - CONTROL NUMBER IDENTIFIER
control field Nust
005 - DATE AND TIME OF LATEST TRANSACTION
control field 20221013190243.0
040 ## - CATALOGING SOURCE
Transcribing agency Nust
082 ## - DEWEY DECIMAL CLASSIFICATION NUMBER
Classification number 604.2,GIB
100 ## - MAIN ENTRY--PERSONAL NAME
Personal name E.H.H. Gibbins
9 (RLIN) 100238
245 ## - TITLE STATEMENT
Title An Introduction to Electrical Drawing
Remainder of title in tow Parts
Statement of responsibility, etc. E.H.H. Gibbins
250 ## - EDITION STATEMENT
Edition statement part-II
260 ## - PUBLICATION, DISTRIBUTION, ETC.
Place of publication, distribution, etc. Lonodn
Name of publisher, distributor, etc. Blackie
Date of publication, distribution, etc. 1944
505 ## - FORMATTED CONTENTS NOTE
Formatted contents note Transformers (Page-4), General Details (Page-12),D.C Machine (Page-20), A.C Machine(Page-46).
600 ## - SUBJECT ADDED ENTRY--PERSONAL NAME
Personal name E.H.H.Gibbin
9 (RLIN) 100239
650 ## - SUBJECT ADDED ENTRY--TOPICAL TERM
Topical term or geographic name entry element Electrical Drawing
9 (RLIN) 100240
942 ## - ADDED ENTRY ELEMENTS (KOHA)
Source of classification or shelving scheme
Koha item type Book
Holdings
Withdrawn status Lost status Source of classification or shelving scheme Damaged status Not for loan Permanent Location Current Location Shelving location Date acquired Full call number Barcode Date last seen Price effective from Koha item type Public note
          Military College of Signals (MCS) Military College of Signals (MCS) General Stacks 12/12/2016 604.2,GIB MCS5954 12/08/2016 12/12/2016 Book Almirah No.26, Shelf No.1
          Military College of Signals (MCS) Military College of Signals (MCS) General Stacks 12/12/2016 604.2,GIB MCS6004 12/08/2016 12/12/2016 Book Almirah No.26, Shelf No.1
© 2023 Central Library, National University of Sciences and Technology. All Rights Reserved.